000 01011njm a2200289Ia 4500
001 D2629
003 IT-RoPAU
005 20220918181131.0
008 131025s9999 xx 000 0 und d
040 _aIT-RoPAU
040 _cIT-RoPAU
999 _c100569
_d100569
999 _bn.d.
100 _aHerrera De La Fuente Luis
_930711
100 _eAutore musica
_930712
100 _gCodice autore musica SPICS: 44011
_930713
245 _aOrquesta sinfonica nacional
250 _a1a ed.
260 _aMESSICO
260 _bDISCOS MUSART
_c1988 [1a Ed.:1988 - Ed. Lingua Orig.: 1988]
300 _aCOMPACT DISC
300 _c38 minuti (Testo: pag.)
500 _aMusica folk. Strumentale.
505 _aSones de Mariachi (Bias Galindo) - Huapango (Pablo Moncayo) - Homenaje a Garcia Lorca (Silvestre Revueltas) - Tribu (Daniel Ayala).
650 _aSINFONICA [COMPACT DISC]
_eCodice MATERIA SPICS: 9949
_916800
700 _aHerrera De La Fuente Luis
_gCodice interprete SPICS: 44011
_eInterprete
_930714
942 _cCD
_2ddc